[Event "The Faulks Shield"]
[Site "Hamilton"]
[Date "2019.02.12"]
[Round "3"]
[White "Cash, Ryne"]
[Black "Casanova, Rey"]
[Result "0-1"]
[WhiteElo "1060"]
[BlackElo "1653"]
[PlyCount "62"]
[EventDate "2019.01.29"]
[EventType "swiss"]
[EventRounds "6"]
[EventCountry "BER"]
[SourceTitle "EXT 2021"]
[Source "ChessBase"]
[SourceDate "2020.10.23"]
[SourceVersion "1"]
[SourceVersionDate "2020.10.23"]
[SourceQuality "1"]

1. d4 Nf6 2. c4 e6 3. Nc3 Bb4 4. Qc2 h6 5. a3 Be7 6. Bf4 d5 7. e3 0-0 8. Nf3 Nh5 9. Be5 Nc6 10. Be2 Nxe5 11. Nxe5 Nf6 12. 0-0 c6 13. Rad1 Qc7 14. e4 Nh7 15. Ng4 dxe4 16. Qxe4 f5 17. Qe5 Bd6 18. Nxh6+ Kh8 19. Qe3 Bxh2+ 20. Kh1 Bf4 21. Qh3 Bxh6 22. g4 Rf6 23. Rde1 Bd2 24. Bd3 Rh6 25. Kg2 Rxh3 26. Rh1 fxg4 27. Bf5 Bxe1 28. Rxe1 Qh2+ 29. Kf1 Qh1+ 30. Ke2 Qf3+ 31. Kf1 Rh1# 0-1